| 000 | 00587nam a22002057a 4500 | ||
|---|---|---|---|
| 003 | OSt | ||
| 005 | 20250812122422.0 | ||
| 008 | 250812b |||||||| |||| 00| 0 eng d | ||
| 020 | _a0748710574 | ||
| 040 |
_aMUST _cDDC |
||
| 082 | _a2001/14877 | ||
| 100 |
_aHarris Peter J. _919371 |
||
| 245 |
_aAccounting in the Hotel and Catering Industry/ _cHarris Peter J. |
||
| 250 | _aFourth Edition | ||
| 260 |
_aStanley Thornes (Publishers) Ltd; _bGreat Britain; _c1987. |
||
| 300 |
_a218p.: _bill; _c23.2cm. |
||
| 504 | _aIncludes; index | ||
| 650 |
_aAccounting _91379 |
||
| 942 |
_2ddc _cO_SHELF |
||
| 999 |
_c9513 _d9513 |
||